Development news (Record no. 39983)

MARC details
000 -LEADER
fixed length control field 00564nam a2200157 a 4500
008 - FIXED-LENGTH DATA ELEMENTS--GENERAL INFORMATION
fixed length control field 130514s2012 ||||||||||||||||| || u
050 ## - LIBRARY OF CONGRESS CALL NUMBER
Classification number FL(05)
110 ## - MAIN ENTRY--CORPORATE NAME
Corporate name or jurisdiction name as entry element Forest and Landscape
245 10 - TITLE STATEMENT
Title Development news
Statement of responsibility, etc. by Forest & Landscape
260 ## - PUBLICATION, DISTRIBUTION, ETC.
Place of publication, distribution, etc. Horsholm, Denmark:
Name of publisher, distributor, etc. Forest and Landscape Denmark
Date of publication, distribution, etc. 2012
300 ## - PHYSICAL DESCRIPTION
Extent 4p.: ill.
362 1# - DATES OF PUBLICATION AND/OR SEQUENTIAL DESIGNATION
Dates of publication and/or sequential designation <p>No. 4 December 2012</p>
500 ## - GENERAL NOTE
General note Bibliography
650 ## - SUBJECT ADDED ENTRY--TOPICAL TERM
Topical term or geographic name entry element FORESTRY
995 ## - RECOMMENDATION 995 [LOCAL, UNIMARC FRANCE]
-- CBU-MAIN LIBRARY (Kitwe)
-- 1
-- AVAILABLE
-- Jul 15, 2013
-- International Publications
Holdings
Withdrawn status Lost status Source of classification or shelving scheme Damaged status Not for loan Home library Current library Shelving location Date acquired Total Checkouts Full call number Barcode Date last seen Price effective from Koha item type
          CBU-MAIN LIBRARY, KITWE. CBU-MAIN LIBRARY, KITWE.   11/30/2022   FL(05) B752 11/30/2022 11/30/2022 MONOGRAPH